000 00715nam a2200217 i 4500
001 144356
003 ES-MaACL
005 20250903014510.0
007 t|
008 070214s1968 sp r ||||1| spa d
245 0 0 _aSigma
_b: el mundo de las matemáticas /
_cselección de textos matemáticos de todos los tiempos con notas y comentarios de James R. Newman.
250 _a1ª. ed.
260 _aBarcelona :
_bGrijalbo,
_c1968.
300 _a6 v. :
_bil. ;
_c23 cm.
490 1 _aPanorama de Sigma
650 0 4 _aMatemáticas-
_vHistoria
_914826
700 1 _aNewman, James R.
_985495
830 0 _aPanorama de Sigma
_9220663
852 _aES-MaACL
_jP-1354
_bR.67042
999 _c144356
_d144356